00487 2200193 4500001002100000005001500021035002000036008004100056245005800097100001300155250000600168260004700174300001200221084001400233082000800247650001400255990001200269990001200281INLIS00000000000026220240503073032 a0010-0424000238240503 0 ind 1 aStrategi Jitu Menjuarai OSN Kimia Jilid 2 /cTIM LOPI aTIM LOPI a1 aJakarta :bPT. Bina Prestasi Insani,c2017 a342 hlm a540 TIM s a540 4aNon Fiksi a0732372 a0732373